Famous Duckfaces II Quiz Stats

 Plays Quiz Updated May 13, 2016

Also try: Famous Duckfaces
Challenge
Share
Tweet
Score 0/20 Timer 03:00
1 Play Today
% Correct
Adele
93.9%
Kim Kardashian
85.2%
Selena Gomez
83.7%
Sarah Palin
82.9%
Nicki Minaj
81.4%
Jimmy Fallon
76.9%
Jim Carrey
76.3%
Christina Aguilera
73.1%
Robert Downey Jr.
71.9%
Robert Pattinson
70.3%
% Correct
Rihanna
64.1%
Zooey Deschanel
63.5%
Tyra Banks
60.8%
Antonio Banderas
59.3%
Neil Patrick Harris
59.2%
Billy Idol
49.6%
Helena Bonham Carter
47.1%
Katie Holmes
46.9%
Joseph Gordon-Levitt
44.3%
Charlize Theron
31.3%

You're not logged in!

Compare scores with friends on all Sporcle quizzes.
OR
Log In

You Might Also Like...

Show Comments

Extras

Top Quizzes Today


Score Distribution

Your Account Isn't Verified!

In order to create a playlist on Sporcle, you need to verify the email address you used during registration. Go to your Sporcle Settings to finish the process.

Report this User

Report this user for behavior that violates our Community Guidelines.

Details: